000 00455nam a2200157 i 4500
001 90282
003 ES-MaACL
005 20230906180412.0
007 t|
008 050119s1920 fr ||||1| fre d
100 1 _aLeger, Louis.
_971275
245 1 0 _aHistoire de l'Antriche-Hongrie depuis des origines jusqu'en 1918 /
_cLouis Leger.
260 _aParis :
_b[s.n.],
_c1920 (
_fImp. Lahure)
300 _aXXX, 672 p. ;
_c19 cm.
852 _aES-MaACL
_jF-10114
999 _c90282
_d90282